000 00559cam a2200193 i 4500
005 20260222120130.0
008 250721s1985 xxka gr 000 0 eng d
020 _a0721613098
082 1 4 _a574.191
_bN A V
100 1 _aNAVE, CARL R
_eAuthor.
245 1 0 _aPHYSICS FOR THE HEALTH SCIENCES /
_cCarl R. Nave, Ph.D، Brenda C. Nave, R.N
250 _a3rd Edition .
264 3 1 _aNEW YORK :
_bW.B.SAUNDERS COMPANY,
_c1985.
300 _a421 page.
650 1 7 _aBIOPHYSIC.
653 _aMEDICAL PHYSIC
942 _2ddc
_cBK
999 _c123212
_d123212